New encyclopedia of drawing, painting, and the graphic arts. (Record no. 28459)

000 -LEADER
fixed length control field 00773cam a22002411 4500
001 - CONTROL NUMBER
control field 8893926
003 - CONTROL NUMBER IDENTIFIER
control field OSt
005 - DATE AND TIME OF LATEST TRANSACTION
control field 20170303124607.0
008 - FIXED-LENGTH DATA ELEMENTS--GENERAL INFORMATION
fixed length control field 721213s1961 nyu 000 0 eng
010 ## - LIBRARY OF CONGRESS CONTROL NUMBER
LC control number 60009866
035 ## - SYSTEM CONTROL NUMBER
System control number (OCoLC)513755
040 ## - CATALOGING SOURCE
Original cataloging agency DLC
Transcribing agency ODaWU
Modifying agency OCoLC
-- DLC
050 00 - LIBRARY OF CONGRESS CALL NUMBER
Classification number NC730
Item number .Z38 1961
100 1# - MAIN ENTRY--PERSONAL NAME
Personal name Zaidenberg, Arthur,
Dates associated with a name 1908-1990.
245 10 - TITLE STATEMENT
Title New encyclopedia of drawing, painting, and the graphic arts.
260 ## - PUBLICATION, DISTRIBUTION, ETC. (IMPRINT)
Place of publication, distribution, etc. New York,
Name of publisher, distributor, etc. Barnes
Date of publication, distribution, etc. [1961]
300 ## - PHYSICAL DESCRIPTION
Extent 222 p.
650 #0 - SUBJECT ADDED ENTRY--TOPICAL TERM
Topical term or geographic name as entry element Graphic arts
General subdivision Technique.
650 #0 - SUBJECT ADDED ENTRY--TOPICAL TERM
Topical term or geographic name as entry element Drawing
General subdivision Study and teaching.
906 ## - LOCAL DATA ELEMENT F, LDF (RLIN)
a 7
b cbc
c oclcrpl
d u
e ncip
f 19
g y-gencatlg
942 ## - ADDED ENTRY ELEMENTS (KOHA)
Source of classification or shelving scheme
Koha item type Hard Covered Materials
Classification part NC 730 .Z38 1961
Holdings
Withdrawn status Lost status Source of classification or shelving scheme Damaged status Not for loan Home library Current library Shelving location Date acquired Source of acquisition Total Checkouts Full call number Barcode Date last seen Price effective from Koha item type
          MACHAKOS UNIVERSITY LIBRARY MACHAKOS UNIVERSITY LIBRARY Open shelf 03/03/2017 Donation (BFA)   NC 730 .Z38 1961 29578 03/03/2017 03/03/2017 Hard Covered Materials
© Machakos University Library, Along The Highway, Machakos Wote Rd, Machakos, Kenya P.O. Box 136 - 90100 Machakos - Kenya

Tel: ( +254 ) 723 805829 OR Fax : 044-20353 OR Email: library@mksu.ac.ke